| 000 | 00643nam a2200205Ia 4500 | ||
|---|---|---|---|
| 003 | OSt | ||
| 005 | 20250807101855.0 | ||
| 008 | 210210b1958 xxu||||| |||| 00| 0 eng d | ||
| 040 | _cAL | ||
| 041 | _aKannada | ||
| 082 | _a856/305 | ||
| 100 |
_aSHESHADRI AYYANGAR (K) _d ಶೇಷಾದ್ರಿ ಅಯ್ಯಂಗಾರ್ (ಕೆ) _9234413 |
||
| 245 |
_aVikirana kriyashakti _bವಿಕಿರಣ ಕ್ರಿಯಾಶಕ್ತಿ |
||
| 260 |
_aMaisUru _bMaisuru Vishvavidyanilaya _c1958 |
||
| 650 |
_aVikiraNa _9234414 |
||
| 650 |
_akriyAshakti _9234415 |
||
| 690 |
_aKannada Miscellaneous _9234416 |
||
| 906 | _a020540 | ||
| 942 |
_2ddc _cBK |
||
| 999 |
_c144690 _d144690 |
||